Statistiken für Hauptstädte Europas, die auf N enden

Klicken Sie hier um das Quiz zu spielen!

Allgemein

  • Dieses Quiz wurde 8.344 mal gespielt
    (8.336 seit der letzten Aktualisierung)
  • Das Durchschnittsergebnis liegt bei 7 aus 9

Antwortstatistiken

Hauptstadt% Korrekt
Berlin
98%
London
89%
Wien
87%
Lissabon
86%
Bern
83%
Athen
79%
Kopenhagen
75%
Dublin
74%
Tallinn
73%

Verteilung der Resultate

Perzentil nach korrekt beantworteten Fragen

Anzahl Personen mit jedem Resultat

Ihre Resultats-Entwicklung

Sie haben dieses Quiz seit der letzten Aktualisierung nicht gespielt